Italy National Team - Trophies - Statistics

General Stats
  • This quiz has been taken 13 times
  • The average score is 4 of 9
Answer Stats
Year Trophy % Correct
1982 FIFA World Cup Trophy
80%
2006 FIFA World Cup Trophy
80%
1934 Jules Rimet Trophy
70%
1938 Jules Rimet Trophy
70%
1936 Gold Medal
30%
1968 Henri-Delaunay Trophy
20%
2020 Henri-Delaunay Trophy
20%
1927-1930 Antonin Svehla Trophy
10%
1933-1935 Antonin Svehla Trophy
10%
No matching quizzes found
Score Distribution
Percent of People with Each Score
Percentile by Number Answered
Your Score History
You have not taken this quiz